000 00545nam a2200205 a 4500
001 17593
003 CO-ViMGA
008 141112s2004 ck r 000 u spa d
020 _a8432984086
040 _aCO-ViMGA
_bspa
_cCO-ViMGA
082 0 4 _a738.1 R867c
100 1 _aRuprecht, Hakon
_924916
245 1 0 _aCeramica imaginativa
260 _aBarcelona (España),
_cCeac,
_c1999
300 _a104.p.
590 _aForma de adquisición : Premio - Mincultura
650 1 4 _aCERAMICA - MANUALES
_924917
650 1 4 _aMODELADO
942 _2ddc
_cBK
999 _c27087
_d27087